Sobre el tratamiento correcto de las contradicciones en el seno del pueblo
Kaydedildi:
| Yazar: | |
|---|---|
| Materyal Türü: | Kitap |
| Dil: | İspanyolca |
| Baskı/Yayın Bilgisi: |
Beijing
Ediciones en Lenguas Extranjeras
1966
|
| Edisyon: | 1a. ed |
| Konular: | |
| Etiketler: |
Etiketle
Etiket eklenmemiş, İlk siz ekleyin!
|
MARC
| LEADER | 00000nam a2200000 a 4500 | ||
|---|---|---|---|
| 001 | UCJ8153 | ||
| 003 | CL-VaPUC | ||
| 008 | 070124e19660000CH |||||||||||||||||spa|d | ||
| 082 | 0 | 4 | |a 335.4 |b MAO |2 21 |
| 100 | |a Mao, Tse-Tung |e autor |q Mao, Zedong |9 302719 | ||
| 245 | 1 | 0 | |a Sobre el tratamiento correcto de las contradicciones en el seno del pueblo |
| 250 | |a 1a. ed | ||
| 300 | |a 59 p | ||
| 942 | |c BK | ||
| 945 | |d 20070124 00:00:00 |a rinostro | ||
| 260 | |a Beijing |b Ediciones en Lenguas Extranjeras |c 1966 | ||
| 650 | 0 | |a Comunismo |9 255588 | |
| 651 | 0 | |a China |9 257545 | |
| 583 | |a last modification |c 20070124 00:00:00 |k Rodrigo Vera | ||
| 999 | |c 323949 |d 323947 | ||
| 952 | |0 0 |1 0 |4 0 |6 335_400000000000000_MAO_1966 |7 0 |8 X |9 403821 |a FDOBUD |b FDOBUD |d 2019-11-22 |i 1073664 |o 335.4 MAO 1966 |p 1073664 |r 2019-11-22 |w 2019-11-22 |y BK_X |k BUD | ||